| 000 | 00380nam a22001217a 4500 | ||
|---|---|---|---|
| 082 | _a220 PRO | ||
| 100 |
_aAZZAM,HASAN,OMER,HASAN _972227 |
||
| 245 | _aPR-SOF-1150-DESIGN ABD FABRICATION OF THE DRIVE ASSEMBLY OF THE CONCENTRIC PARABOLIC COLLECTOR | ||
| 260 |
_aISLAMABAD _bNUST COLLEGE OF EME _c2012 |
||
| 650 |
_aDE-MECH-30 _972228 |
||
| 700 |
_aAHMED SOHAIL _919076 |
||
| 942 | _cCR | ||
| 999 |
_c578356 _d578356 |
||